| 000 | 00680nam a2200229Ia 4500 | ||
|---|---|---|---|
| 003 | GCL | ||
| 008 | 140319s9999 xx 000 0 ara d | ||
| 040 |
_aGCL / _cGCL |
||
| 082 | 0 | 4 |
_a956.5 _bع ب |
| 100 | 1 | _aعدنان الملوحى | |
| 245 | 1 | 0 |
_aبين مدينتين من حمص الى الشام / _cعدنان الملوحى |
| 260 |
_a[S.N] : _bرياض الريس للكتب والنشر |
||
| 300 | _a380 ص | ||
| 490 | _a | ||
| 650 | 0 | 4 | _aالعصر الحديث |
| 650 | 0 | 4 | _aتاريخ |
| 650 | 0 | 4 | _aالاحوال الاجتماعية |
| 650 | 0 | 4 | _aالاحوال السياسية |
| 650 | 0 | 4 | _aسوريا |
| 650 | 0 | 4 | _aالصحافة |
| 942 |
_2ddc _cBK |
||
| 999 |
_c55171 _d55171 |
||